000 00880cam a2200253 4500
001 ABS62573
008 000000n2000 000 0 eng u
035 _a(Sirsi) u107303
100 _aMcDowall, E.
245 _aSelecting a preferred bidder
260 _c2000
490 _aFacilities Management
_v7(9) July 2000, 8-9(2)
520 _aOutlines a standard bidding and evaluation process, and sets out the requirements involved in selecting the 'preferred bidder'. Briefly discusses the introduction of the Best and Final Offer (BAFO) which speeds up the closure of the deal.
590 _aABS
650 _aPREFERRED BIDDER
650 _aEVALUATION PROCESS
650 _aBIDDING PROCESS
650 _aBEST AND FINAL OFFER
650 _aCLOSURE
650 _aSTRATEGIC MANAGEMENT
650 _aPFI
690 _aBUILDING AND CONSTRUCTION-PROJECTS
942 _n0
999 _c64154
_d64154